Pumps, fans and compressors (Record no. 545820)

000 -LEADER
fixed length control field 00374nam a2200133u 4500
082 ## - DEWEY DECIMAL CLASSIFICATION NUMBER
Classification number 621.6
Author Mark KOV
-- L-23, P-7
100 1# - MAIN ENTRY--PERSONAL NAME
Personal name Kováts, Andreas von. [from old catalog]
9 (RLIN) 41778
245 00 - TITLE STATEMENT
Title Pumps, fans and compressors
260 ## - PUBLICATION, DISTRIBUTION, ETC.
Place of publication, distribution, etc. London,
Name of publisher, distributor, etc. Blackie,
Date of publication, distribution, etc. 1958.
300 ## - PHYSICAL DESCRIPTION
Extent 327 p.
Dimensions 24 cm.
526 ## - STUDY PROGRAM INFORMATION NOTE
Program name 0
Interest level 0
Reading level 0
Title point value 621_600000000000000_KOV
650 ## - SUBJECT ADDED ENTRY--TOPICAL TERM
Topical term or geographic name entry element MCE
9 (RLIN) 379
942 ## - ADDED ENTRY ELEMENTS (KOHA)
Source of classification or shelving scheme
Koha item type Book
Holdings
Withdrawn status Lost status Source of classification or shelving scheme Damaged status Not for loan Permanent Location Current Location Date acquired Total Checkouts Full call number Barcode Date last seen Price effective from Koha item type
          Military College of Engineering (MCE) Military College of Engineering (MCE) 05/29/2014   621.6 KOV MCE-777 05/29/2014 05/29/2014 Book
© 2023 Central Library, National University of Sciences and Technology. All Rights Reserved.